載入...

The cambridge natural history /

書目詳細資料
主要作者: ShipleyA E
格式: Printed Book
語言:English
出版: Weldon and Wesley c1968.
版:4th ed.
LEADER 00380nam a2200121Ia 4500
008 130611s9999 xx 000 0 eng d
100 |a ShipleyA E  
245 |a The cambridge natural history / 
250 |a 4th ed. 
260 |b Weldon and Wesley  |c c1968. 
942 |c BK 
999 |c 125679  |d 125679 
952 |0 0  |1 0  |4 0  |7 0  |9 139054  |a ZOO  |b ZOO  |c ST1  |d 2013-06-11  |h Vol.10  |l 0  |p ZOO700  |r 2013-06-11  |w 2013-06-11  |y BK